[Event "Match 78__120'/40"]
[Site "Zurich"]
[Date "2024.??.??"]
[Round "45"]
[White "Saitek D+ EGR 10 MHz"]
[Black "Mephisto Polgar sel. 5"]
[Result "1-0"]
[WhiteElo "1992"]
[BlackElo "1991"]
[Annotator "Utzinger,K"]
[PlyCount "100"]
[EventDate "2024.05.22"]
[EventType "match"]
[SourceVersionDate "2024.04.21"]

{[%evp 0,100,19,38,25,16,14,12,8,-44,-40,-45,4,4,25,-40,-43,-25,-13,-20,-7,-13,30,16,11,22,26,32,2,-18,-13,-13,-4,6,-1,-10,4,-6,21,-4,4,9,65,78,52,35,27,41,18,-1,15,9,24,24,16,4,37,36,34,24,24,26,43,62,135,109,330,346,503,508,513,519,519,562,562,639,970,769,787,793,801,815,824,836,844,849,853,896,918,918,931,1043,1144,1171,1207,1636,1706,1738,1764,1807,1901,29982,29985]} 1. e4 e5 {Match 120'/40 | Bediener: Rolf Bühler | 2.10.2024 | 45. Partie: Weiss (Saitek D+) gewinnt | Zwischenstand: 23,0-22,0 (51,1%) für Saitek D+ / hypothetisch: 28-17 (62,2%) für Mephisto Polgar | Eröffnung: Italienisch, Evans Gambit | Bis zum 30. Zug spielen die beiden Programme eine fehlerlose und fast perfekte Partie. Mit 31...f5? schwächt der Mephisto Polgar seine Königsstellung und das Feld e6. Und danach ist es erstaunlich, mit welcher Leichtigkeit und Präzision der Saitek D+ auf dem Siegespfad wandelt und sich den Gewinn keinen Augenblick lang entgleiten lässt. Eine echt reife Leistung des Programms von Julio Kaplan. Und mit diesem Sieg geht der Saitek D+ in diesem Match gar wieder in Führung.} 2. Nf3 Nc6 3. Bc4 Bc5 4. b4 {Das Evans Gambit. Dazu schreibt Dr. Max Euwe in Theorie der Schacheröffnungen, 2. Ausgabe 1968: "Im Jahre 1824 hatte der englische Schiffskapitän W.D. Evans den klugen Einfall, die aggressive weisse Zentrumsaktion in der Hauptvariante der Italienischen Partie (c2-c3 und d2-d4) mittels eines Bauernopfers zu beschleunigen. Er setzte deshalb nach 3...Lc5 mit 4.b4 fort, um nach Annahme dieses Bauernopfers mit Tempogewinn c2-c3 und d2-d4 folgen zu lassen. Der wackere Seemann erlebte mit dieser seiner Idee einen riesigen Erfolg, denn das Evans Gambit wurde von allen Schachspielern mit Begeisterung begrüsst und blieb bis Ende des vorigen Jahrhunderts die *Königin der Eröffnungen*. Als Evans 1872 starb, spielte sein Gambit in den internationalen Turnieren fast die gleiche Rolle wie heutzutage das Damengambit. Auch dem grossen Steinitz, dem erbittertsten Gegner sämtlicher Gambits, gelang es nicht, den Nachweis zu führen, dass die Idee des Kapitäns Evans unzureichend sei. Auch heutzutage kann man nicht behaupten, dass das Evans Gambit widerlegt ist, denn als beste Verteidigung wird heute eine Variante betrachtet, in der Schwarz unter gleichzeitiger Vereinfachung der Stellung den Bauern zurückgibt. Diese besonders von Lasker empfohlene Verteidigung hat jedoch dazu geführt, dass das Evans Gambit allmählich aus der Mode gekommen ist und in den modernen Meisterturnieren kaum mehr gespielt wird." In der Zwischenzeit ist das Rad nicht still gestanden, ohne dass erstaunlicherweise die grundsätzliche Meinung von Dr. Max Euwe über den Haufen geworfen wurde (Utzinger,K). So meint Sam Collins: Schacheröffnungen richtig verstehen: "Nach dem Fehlschlag des weissen Plans mit c3 und d4 (Anmerkung: gemeint ist die alte Hauptvariante der Italienischen Partie) haben sich einige GMs dieser alten Vorliebe von Kapitän Evans zugewandt. Die Idee ist ziemlich geradlinig, weil die Zeit eine so wichtige Rolle bei der Umsetzung des weissen Zentrumsvorstosses spielt, wird der schwarze Läufer auf ein Feld gelockt, wo er nach dem Zug c3 wieder fliehen muss. Ein subtiler Grund ist, dass nach dem Verschwinden des b-Bauern in einigen Varianten La3 ins Spiel kommen kann. Wie so viele der romantischen Eröffnungen gilt das Evans Gambit heute als spielbar, aber harmlos. Schwarz hat eine Reihe von Möglichkeiten, das Material zurückzugeben und dabei vollen Ausgleich zu erreichen.} Bxb4 5. c3 {***ENDE BUCH*** Bewertung Stockfsih 17: = (-0.22) (47% +2% =91% -8%)} Be7 {Das ist ebenfalls eine ausgleichende Variante.} (5... Ba5 6. d4 d6 7. O-O Bb6 {Die Lasker Verteidigung} 8. dxe5 dxe5 9. Qxd8+ Nxd8 10. Nxe5 Nf6 11. Re1 O-O 12. Nd2 Re8 13. Ndf3 Be6 14. Bb5 c6 15. Ba4 Ng4 16. Nxg4 Bxg4 17. Bc2 Ba5 18. Re3 Bb6 19. Re1 Ba5 20. Re3 Bb6 21. Re1 {½-½ (21) Rashitov,D (2333)-Solovyev,P (2305) ICCF email 2017}) 6. d4 Na5 7. Nxe5 Nxc4 8. Nxc4 d5 9. exd5 Qxd5 10. Ne3 Qd8 {***ENDE BUCH*** Bewertung Stockfish 17: = (-0.03) (50% +2% =97% -2%)} 11. O-O Nf6 12. Ba3 Be6 13. Qf3 c6 14. Nf5 Bxf5 15. Qxf5 O-O 16. Re1 Re8 17. Bxe7 Rxe7 18. Nd2 Nd5 19. Qc2 b5 20. Nf3 c5 21. Rxe7 Qxe7 22. Qb3 Nc7 23. Re1 Qd6 24. Re5 cxd4 25. cxd4 Rc8 26. Qc2 Rd8 27. h3 $11 Rd7 $14 {Kein Fehler, aber aus grundsätzlichen Erwägungen hätte ich diesen die Grundreihe schwächenden Turmzug nicht gemacht. In diesem Sinne sehen Alternativen wie 27...g6 oder 27...h6 und 27...a6 vertrauenserweckender aus.} 28. Ng5 g6 29. Ne4 Qb6 30. Rc5 Ne8 {Auch wenn Stockfish 17 die zwei Alternativen 1) 30...Sa6 = (0.00) (50%) ST 73 und 2) 30...Kg7 = (0.00) (50%) ST 72 bevorzugt, ist der Textzug nicht zu tadeln.} 31. d5 {[#]} f5 $2 {[%mdl 2] Der erste fehlerhafte Entscheid in der Partie ... und leider gleich ein Verlustzug. Die Fortsetzung 31...Tc7 hält die Stellung weiterhin im Gleichgewicht.} (31... Rc7 32. Rc3 (32. Rc6 Rxc6 33. dxc6 Qd4 $11) 32... b4 33. Rxc7 Qxc7 34. Qd2 f5 35. Ng5 a5 $11) 32. Ng5 {Bewertung Stockfish 17: +- (4.61) (100% +100% =0% -0%) Depth: 48/90, beste Verteidigung 32...Df6.} Nc7 (32... Rc7 {rettet jetzt auch nicht mehr:} 33. Rc6 Qb7 34. Qb3 Rg7 35. d6+ Kh8 36. Qc3 Qd7 37. Rc8 h6 38. Rd8 $1 Qxd8 39. Nf7+ Kh7 40. Nxd8 $18) 33. Rc6 Qb7 34. d6 Nd5 35. Qc5 Nb6 (35... Nf6 36. Rc8+ Kg7 37. Rc7 Rxc7 38. dxc7 Qc8 39. Qe7+ Kh6 40. Qxf6 Qxc7 41. Ne6 Qc1+ 42. Kh2 $18 {nebst Matt in 3 Zügen}) 36. Qxb5 h6 {Alles andere verliert auch.} 37. Ne6 f4 38. Nc5 {Jeder Zug des Saitek D+ trifft ins Schwarze.} Qb8 39. Nxd7 Nxd7 40. Qxb8+ Nxb8 41. Rc8+ Kf7 42. Rxb8 Ke6 43. Rg8 g5 44. Rg6+ Kd7 45. Rxh6 Kc6 46. Rg6 Kd7 47. Rxg5 Kxd6 48. h4 Ke7 49. h5 a6 50. h6 Ke6 {***AUFGEGEBEN***} 1-0

[Event "Match 78__120'/40"]
[Site "Zurich"]
[Date "2024.??.??"]
[Round "46"]
[White "Mephisto Polgar sel. 5"]
[Black "Saitek D+ EGR 10 MHz"]
[Result "1/2-1/2"]
[WhiteElo "1991"]
[BlackElo "1992"]
[Annotator "Utzinger,K"]
[PlyCount "115"]
[EventDate "2024.05.22"]
[EventType "match"]
[SourceVersionDate "2024.04.21"]

{[%evp 0,115,19,38,25,16,14,14,15,0,-43,-39,-44,-64,-59,-20,-27,-28,-14,-25,17,9,12,10,3,11,12,26,32,-42,-47,-41,56,44,44,39,52,31,112,121,118,120,121,126,126,124,122,116,121,118,121,115,130,141,146,150,150,143,151,155,151,150,146,139,146,144,150,139,150,150,150,149,150,142,148,149,145,145,145,113,112,51,64,65,54,54,44,57,18,28,24,0,0,0,0,0,0,0,0,0,0,0,0,0,0,0,0,0,0,0,0,0,0,0,0,0,0,0]} 1. e4 e5 {Match 120'/40 | Bediener: Rolf Bühler | 4.10.2024 | 46. Partie: Remis | Zwischenstand: 23,5-22,5 (51%) für Saitek D+ / hypothetisch: 29-17 (63%) für Mephisto Polgar | Eröffnung: Zweispringerspiel | In einer schwierigen Partie gerät der Saitek D+ mit 18...Dg6? in eine verlorene Stellung, kann der Gegner doch in ein gewonnenes Endspiel einlenken. Die Aufgabe ist jedoch für den Mephisto Polgar zu schwer, so dass sich das holländische Programm von Ed Schröder am Ende mit einem Remis durch 3-fache Zugwiederholung begnügen muss.} 2. Nf3 Nc6 3. Bc4 Nf6 4. d4 exd4 5. O-O Nxe4 6. Re1 d5 7. Bxd5 Qxd5 8. Nc3 Qa5 9. Nxe4 Be6 {***ENDE BUCH*** Bewertung Stockfish 17: = (0.09) (51% +3% =96% -1%)} 10. Neg5 O-O-O 11. Nxe6 fxe6 12. Rxe6 Bd6 13. Qe2 Qh5 14. h3 Rde8 15. Bd2 {***ENDE BUCH*** Bewertung Stockfish 17: -/+ (-1.31) (10% +0% =19% -81%)} Kb8 $6 {Ein lahmer Zug. Auf Vorteil hoffen kann Schwarz nur mit 15...Se5, was auch die Meinung von Stockfish 17 ist.} (15... Ne5 16. Nxd4 Qxe2 17. Rxe8+ Rxe8 18. Nxe2 Nc4 19. Be3 Nxb2 (19... Nxe3 20. fxe3 Bc5 {½-½ (46) Rogers,I (2580)-Adams,M (2660) Germany 1996}) 20. Kf1 Nc4 21. Bd4 Be5 22. Rd1 Rd8 23. Rd3 Rd5 24. Bxe5 Rxd3 25. cxd3 Nxe5 26. Nc1 c5 27. Ke2 Nc6 28. Ke3 Kd7 29. Ke4 Kd6 30. f4 b5 31. g4 Nd4 32. f5 a5 33. g5 b4 34. h4 a4 35. h5 Ke7 36. Kd5 b3 37. axb3 axb3 38. Nxb3 Nxb3 39. Kc4 Nc1 40. d4 cxd4 41. Kxd4 Ne2+ 42. Ke5 Ng3 43. h6 gxh6 44. Kf4 hxg5+ 45. Kxg5 Ne4+ 46. Kh6 Nf6 47. Kg5 h5 48. Kh4 Kd6 {0-1 (48) Kirillov,P (2245)-Obukhov,A (2485) Novosibirsk 2002}) 16. Re1 Rxe6 17. Qxe6 $14 {Nun steht Weiss eine Spur besser.} Rf8 $2 {Schwarz täte gut daran, mit 17...a6 oder 17...a5 seinem König ein Luftloch zu schaffen.} 18. Qd7 $6 {Weiss verpasst eine gute Chance, um klaren Vorteil zu erlangen, wobei das für unsere Oldies einige Nummern zu gross ist.} (18. c3 $1 d3 (18... dxc3 19. Bxc3 $18) 19. Qe4 Qf7 20. b3 Qg6 (20... h6 21. Qxd3) 21. Qxg6 hxg6 22. Re6 b6 23. Kf1 Rf6 24. Re3 Bf4 25. Rxd3 Bxd2 26. Nxd2 $18) {[#]} 18... Qg6 $2 {[%mdl 2] Ein unscheinbarer Fehler, der zu einem für Weiss gewonnenen Endspiel führen sollte. Aus Sicht der Engines, für unsere Lieblinge nicht erkennbar, hat Weiss nach 18...a5 nur einen leichten Vorteil.} 19. Re6 $1 {Jetzt rächt sich die Schwäche der schwarzen Grundreihe, muss doch die Dame weiterhin das Feld e8 bewachen.} Rd8 {erzwungen} (19... Qh5 {scheitert an der taktischen Finesse} 20. Rxd6 $1 {mit Figurengewinn, denn man darf nicht zurückschlagen} cxd6 21. Qxd6+ Kc8 22. Qxf8+) 20. Qxd8+ {Abwicklung in ein gewonnenes Endspiel.} Nxd8 21. Rxg6 hxg6 22. Nxd4 Be5 23. c3 Bxd4 24. cxd4 Nc6 25. Be3 Nb4 26. a3 Nd5 27. Kh2 Kc8 28. Kg3 Kd7 29. Bf4 Ke6 30. Be5 Kf7 31. Kf3 c6 32. h4 a6 33. b3 Nc3 34. Ke3 Nd5+ 35. Ke4 Kf8 36. g4 Kf7 37. f3 b6 38. Kd3 Kg8 39. b4 $2 {Erlaubt dem Gegner, eine Blockade aufzubauen, was den weissen Gewinn stark erschwert.} (39. a4 b5 40. a5 Kf7 41. Ke4 Kg8 42. Bd6 Kf7 43. Ke5 $18) 39... b5 $1 {Die richtige Wahl.[#]} 40. g5 $2 {Nach diesem Fehler hat Weiss mit einer Ausnahme all seine Bauern auf der Farbe seines Läufers. Auch kann Schwarz seinen Springer nach c4 führen, so dass der Gegner gezwungen wird, die starke Stellung seines Läufers auf e5 aufzugeben. Diese beiden Faktoren genügen, um gerade noch genügend Widerstand zu leisten und das Remis zu sichern. Stockfish 17 zeigt eine komplizierte Gewinnvariante.} ({Stockfish 17:} 40. Kc2 {+- (3.96) (100%) ST 50} Kh7 41. Bg3 Kg8 42. Kb3 Kf7 43. a4 Ke7 44. a5 Ke6 45. Bh2 Kf6 46. Bd6 g5 47. Be5+ Kg6 48. h5+ Kh6 49. Bg3 g6 50. hxg6 Ne7 51. Bd6 Nd5 52. Bh2 Kxg6 53. Bg3 Kf6 54. Be1 Nf4 55. Kc3 Nd5+ 56. Kc2 Ke6 57. Bd2 Kf6 58. Kb3 Ne7 59. Kc3 Nd5+ 60. Kc2 Kf7 61. Bxg5 Nxb4+ 62. Kc3 Nd5+ 63. Kd3 Kg6 64. Bd2 Nf6 65. d5 c5 66. Be3 Nxd5 67. Bxc5 Kg5 68. Kd4 Nf4 69. Ke4 Ne2 70. Be3+ Kg6 71. Bd2 Kg7 72. Ke3 Ng3 73. Be1 Nf1+ 74. Kf2 {[%eval 396,50] [%wdl 1000,0,0]}) 40... Kf7 41. Bg3 Nb6 42. Kc3 Nc4 43. a4 Ke6 44. axb5 axb5 {[#]Weiss hat für seine Figuren keine Möglichkeiten in die gegnerische Stellung einzudringen. Deshalb muss es Remis enden.} 45. Kc2 Kd5 46. Bf2 Nb6 47. Kd3 Nc4 48. Bg1 Nb2+ 49. Kc3 Na4+ 50. Kb3 Nb6 51. Bh2 Nc4 52. Kc3 Ne3 53. Bg1 Ng2 54. Bf2 Nf4 55. Be3 Ng2 56. Bf2 Nf4 57. Be3 Ng2 58. Bf2 {***3x REMIS***} 1/2-1/2

[Event "Match 78__120'/40"]
[Site "Zurich"]
[Date "2024.??.??"]
[Round "47"]
[White "Saitek D+ EGR 10 MHz"]
[Black "Mephisto Polgar sel. 5"]
[Result "1-0"]
[WhiteElo "1992"]
[BlackElo "1991"]
[Annotator "Utzinger,K"]
[PlyCount "58"]
[EventDate "2024.05.22"]
[EventType "match"]
[SourceVersionDate "2024.04.21"]

{[%evp 0,58,31,8,77,33,20,38,35,23,43,55,59,51,51,42,19,51,102,126,104,117,99,113,113,95,97,126,120,111,109,109,141,134,150,138,334,428,369,387,426,443,462,462,477,554,685,695,733,494,684,397,498,452,1537,1669,1683,1716,2052,29982,29983]} 1. e4 {[%mdl 1]} c6 {Match 120'/40 | Bediener: Rolf Bühler | 5.10.2024 | 47. Partie: Weiss (Saitek D+) gewinnt | Zwischenstand: 24,5-22,5 (52,1%) für Saitek D+ / hypothetisch: 29-18 (61,7%) für Mephisto Polgar | Eröffnung: Caro Kann Verteidigung, Abtausch Variante | Eine schreckliche Niederlage für den mit Schwarz spielenden Mephisto Polgar sel. 5, der mit 8...Db4? die Entwicklung vernachlässigt, die Dame ungünstig platziert und mit wehenden Fahnen untergeht. Umgekehrt eine sehr gute Leistung des Saitek D+, der eine positionell stark überlegene Stellung auf beeindruckende Art und Weise zum Sieg führt.} 2. c4 d5 3. cxd5 cxd5 4. exd5 Qxd5 (4... Nf6 {ist üblicher und verhindert, dass die Dame zu früh ins Spiel kommt mit all den damit verbundenen Nachteilen.}) 5. Nc3 Qd6 6. d4 Nf6 {***ENDE BUCH*** Bewertung: = (0.27) (53%)} 7. Nge2 {***ENDE BUCH*** Bewertung: = (0.05) (51%)} Nc6 8. Bf4 {[#]} Qb4 $2 $18 {[%mdl 2] Ein schlechter Zug, der gemäss den Engines bereits verlieren sollte. Die schwarze Dame steht auf b4 miserabel und darf nach 9.a3 nicht auf b2 schlagen. Deshalb wäre 8...Dd8 richtig gewesen.} 9. d5 {Auch diese Fortsetzung gewinnt.} (9. a3 Qxb2 $4 10. d5 e5 11. Na4 Qb5 12. Nec3 Qa5 13. dxc6 exf4 14. Bb5 a6 15. cxb7+ axb5 16. bxa8=Q Qxa8 17. Qe2+ Be7 18. Nb6 Qc6 19. Qxb5 $18) 9... Nd8 {Bewertung: +- (4.70)} 10. Qd2 {Bewertung; Nur noch +- (1.87), obwohl Weiss selbst nach diesem anspruchslosen Zug noch deutlich besser steht. Für einen Oldie nicht erkennbar war 10.a3! mit Gewinn.} Bd7 11. a3 Qb6 12. Be3 Qd6 13. Ng3 $1 {Die beste Fortsetzung.} a6 14. Bc4 Rc8 15. Bb3 g6 16. O-O Bg7 17. Bd4 $18 {Der weisse Stellungsvorteil ist überwältigend.} Rg8 {Ein seltsamer Zug. Aber auch die kurze Rochade rettet nicht mehr.} 18. Nge4 $1 Nxe4 19. Nxe4 Qb8 20. Bxg7 Rxg7 21. d6 $1 {Der Saitek D+ ist in seinem Element.} Nc6 22. Rfe1 Ne5 (22... e6 23. Nf6+ Kd8 24. Qh6 $18) 23. dxe7 Rc6 24. Bd5 Rb6 25. f4 Ng4 26. Qd4 Qxf4 27. Bxf7+ $1 {Sehr gut erkannt von Weiss.} ({Auch nach} 27. g3 {wird es Matt in 12.}) 27... Kxf7 (27... Qxf7 28. Qxb6 Qxe7 {erzwungen} 29. Nd6+ Kf8 30. Rxe7 Rxe7 31. Qd8+ Re8 32. Qxd7 Re7 33. Rf1+ Nf6 34. Rxf6+ Kg7 35. Qxe7+ Kh6 36. Nf5+ Kh5 (36... Kg5 37. Rf7+ Kf4 (37... Kg4 38. Qh4#) 38. Ne3#) 37. Qxh7+ Kg4 38. Qh4#) 28. Rf1 g5 29. Qxd7 {Weiss hat Mattangriff.} Kg6 {***AUFGEGEBEN***} 1-0

[Event "Match 78__120'/40"]
[Site "Zurich"]
[Date "2024.??.??"]
[Round "48"]
[White "Mephisto Polgar sel. 5"]
[Black "Saitek D+ EGR 10 MHz"]
[Result "1-0"]
[WhiteElo "1991"]
[BlackElo "1992"]
[Annotator "Utzinger,K"]
[PlyCount "122"]
[EventDate "2024.05.22"]
[EventType "match"]
[SourceVersionDate "2024.04.21"]

{[%evp 0,122,24,14,15,36,4,4,16,5,14,9,16,14,21,16,20,-9,-7,-13,-26,10,19,12,41,2,16,20,37,-4,-3,-3,-12,-12,-6,-19,-22,-34,-28,-45,-37,-37,-43,-43,-33,-40,-1,-18,8,0,13,22,24,21,33,5,39,56,72,50,40,50,42,33,66,29,29,29,27,34,29,35,29,14,35,28,11,13,63,28,28,0,0,-31,25,4,12,-12,-12,4,0,0,0,0,0,0,0,6,38,24,432,445,466,461,527,556,578,527,596,646,833,928,934,826,858,677,746,841,948,1246,1286,1067,1086,1041,1430]} 1. e4 e5 {Match 120'/40 | Bediener: Rolf Bühler | 6.10.2024 | 48. Partie: Weiss (Mephisto Polgar) gewinnt | Zwischenstand: 24,5-23,5 (52,1%) für Saitek D+ / hypothetisch: 30-18 (62,5%) für Mephisto Polgar | Eröffnung: Spanisch, Offenes System, Bernstein Variante | Eine von beiden Programmen bis kurz vor dem 50. Zug hervorragend gespielte Partie, die ich mir schon als beste der fehlerfreien Games im Kopf notiert hatte. Doch dann scheitert der Saitek D+ mit 49...Kd5?? aber doch noch kläglich und muss einen Turm opfern, um im Endspiel das Matt zu vermeiden. Sehr schade, denn mit einem Remis wären bereits 25 Punkte unter Dach gewesen und für den Matchgewinn hätten dem Saitek D+ in den letzten 2 Runden ein Remis genügt. Aber auch so bleibt die Lage für den Mephisto Polgar heikel, muss er doch 1,5 Punkte aus den Partien 49 und 50 holen, um Gleichstand im Match zu erreichen.} 2. Nf3 Nc6 3. Bb5 a6 4. Ba4 Nf6 5. O-O Nxe4 6. d4 b5 7. Bb3 d5 8. dxe5 Be6 9. Nbd2 Nc5 10. c3 {***ENDE BUCH*** Bewertung Stockfish 17: = (0.16) (52% +6% =92% -2%)} Bg4 11. Bc2 Be7 {***ENDE BUCH*** Bewertung Stockfish 17: +/= (0.67) (63% +25% =74% -0%)} 12. Qe1 {Sich aus der Fesslung des Lg4 zu befreien, ist kein schlechter Entscheid. Die üblichsten Fortsetzungen sind hier aber 12.Te1 und 12.h3.} O-O 13. Nd4 Nxd4 14. cxd4 Ne6 15. Nb3 c5 16. dxc5 Nxc5 $11 {Nach dem Verlassen ihrer Eröffnungsbücher haben beide Programme bislang ausgezeichnet agiert. Die Stellung befindet sich im Gleichgewicht.} 17. f3 Nxb3 18. Bxb3 {Sieht doch logisch aus. Aber im konkreten Fall war 18.axb3 genauer: dem weissfeldrigen Läufer wird die Diagonale h7-b1 verwehrt und dank der geöffneten a-Linie kann Weiss dort Druck ausüben.} Bf5 19. Bd2 {Um dem gegnerischen Läufer das Feld c5 zu verwehren, scheint die Fortsetzung 19.Le3 zweckmässiger.} a5 $15 ({Auch} 19... Bd3 20. Rf2 Bc5 21. Be3 d4 22. Bd2 Bc4 {gewährt dem Schwarzen einen geringen Vorteil.}) 20. Rc1 a4 21. Bc2 Bxc2 22. Rxc2 b4 {Verschenkt auch noch den letzten geringen Vorteil.} (22... Rc8 23. Rxc8 (23. Qc1 Qd7 $17) 23... Qxc8 24. Bb4 Bc5+ 25. Bxc5 Qxc5+ $15) 23. b3 Qb6+ 24. Qf2 Qxf2+ {Nur mit 24...d4 konnte Schwarz einen zaghaften Versuch machen, leichten Vorteil zu erhalten.} 25. Kxf2 axb3 26. axb3 Ra3 27. Rb1 Rd8 28. Ke2 Kf8 29. Rc7 Rb8 30. Kd3 Ke8 31. Bf4 h6 32. Kd4 ({Ein Versuch wert war} 32. e6 Rba8 33. exf7+ Kf8 34. Kd4 R8a7 35. Rxa7 Rxa7 36. Kxd5 Ra5+ 37. Kd4 Kxf7 {und auch wenn diese Stellung mit Weiss trotz Mehrbauer nicht zu gewinnen ist, hätte der Mephisto Polgar bei dem schwachen Endspielverständnis beider Programme gute Chancen, zum vollen Punkt zu kommen.}) 32... Rb5 33. Bc1 Ra8 34. Rc2 Kd7 35. Be3 f6 36. f4 Ra3 37. g4 Bd8 38. Kd3 Be7 39. Bf2 (39. Bd4 {ist aktiver}) 39... Rb8 40. Bc5 fxe5 41. fxe5 Bxc5 42. Rxc5 Ra2 43. Re1 Rxh2 44. Rxd5+ Ke7 45. Ra5 Rb7 46. Ke4 Rg2 47. Kf3 Rb2 48. Re3 Ke6 49. Ra6+ {Nun steht es nach 49...Kf7 oder 49...Ke7 ausgeglichen.[#]} Kd5 $2 $18 {[%mdl 2] Ein katastrophaler Fehler, der Turmverlust zur Folge hat. Hier haben die selektive Suche und die mangelnde Königssicherheit dem Saitek D+ einen bösen Streich gespielt. Denn zu berechnen gab es da nur wenige Halbzüge.} 50. Rd6+ {2. HZ} Kc5 {3. HZ und erst noch erzwungen.} 51. Red3 $1 {4. HZ der Matt mit Td3-d5 droht.} Rxb3 {5. HZ erzwungen, um das Feld c4 für den König freizumachen.} 52. Rxb3 {6. HZ bei zwei erzwungenen Zügen ist wahrlich nicht viel, aber selbst daran ist das Programm von Julio Kaplan gescheitert.} Kc4 53. Rb1 Kc3 54. e6 b3 55. Rd7 Rb8 56. Rc7+ Kb4 57. Rxg7 Kc5 58. e7 Kc4 59. Rc1+ Kb4 60. Re1 Re8 61. Rf7 Kc3 {***AUFGEGEBEN***} 1-0